Statistics for Countries with the most female Astronauts

Click here to take the quiz!

General Stats

  • This quiz has been taken 70 times
  • The average score is 8 of 9

Answer Stats

Number of female astronautsAnswer% Correct
6Russia
100%
2China
93%
2Japan
93%
56USA
89%
2Canada
82%
1France
82%
1United Kingdom
82%
1South Korea
71%
1Italy
68%

Score Distribution

Percentile by Number Answered

Percent of People with Each Score

Your Score History

You have not taken this quiz